| 000 | 01380cam a2200253 4500 | ||
|---|---|---|---|
| 001 | WB4020-16 | ||
| 008 | 040525n2004 000 0 eng u | ||
| 035 | _a(Sirsi) u126284 | ||
| 245 | _aRICS awards 2004 | ||
| 260 | _c2004 | ||
| 490 |
_aRICS Press Release _v21 May 2004 (2) |
||
| 520 | _aThe winners of the 2004 RICS awards have been announced. The awards recognise excellence in built environment projects and a commitment to value for money and sustainability. The 2004 awards attracted over 160 entries from across the globe. The 2004 Building of the Year was won by Douglas House, a young people's hospice in Oxford, which provides residential care for patients with life-limiting illnesses. Awards were also made in the categories, building conservation, community benefit, regeneration and sustainability. Full details of the winners and background to the awards are available at http://www.rics.org/about_us/awards/winners_2004.h tml. http://www.rics.org/ricscms/bin/show?class=PressRe lease&template=/includes/showpr.html&id=1181&facul ty=RICS | ||
| 590 | _aWB | ||
| 590 | _aWB | ||
| 650 | _aABOUT RICS-AWARDS | ||
| 650 | _aRICS BUILDING OF THE YEAR | ||
| 650 | _aBUILT ENVIRONMENT | ||
| 650 | _aCOMMUNITY BENEFIT | ||
| 650 | _aBUILDING CONSERVATION | ||
| 650 | _aREGENERATION | ||
| 650 |
_aSustainability _96271 |
||
| 690 | _aRICS NEWS | ||
| 942 | _n0 | ||
| 999 |
_c117394 _d117394 |
||